Famiglia risorsa della società (Record n. 209957)
[ formato base ]
| 000 -LEADER | |
|---|---|
| campo di controllo lung. fissa | 01692nam a2200253Ia 4500 |
| 001 - Numero di controllo | |
| campo di controllo | b7027-50939 |
| 003 - Identificatore del numero di controllo | |
| campo di controllo | IT-MiCISF |
| 005 - Data e orario dell'ultima transazione | |
| campo di controllo | 20240317114432.0 |
| 008 - Elementi di lunghezza fissa--Informazione generale | |
| campo di controllo lung. fissa | 161014s9999||||xx |||||||||||||| ||und|| |
| 040 ## - Fonte della catalogazione | |
| Agenzia catalografica originale | IT-MiCISF |
| Agenzia che fa la trascrizione | IT-MiCISF |
| 041 ## - Codice di lingua | |
| Codice di lingua del testo/traccia sonora o titolo separato | it |
| 100 ## - Accesso principale -- nome di persona | |
| Nome di persona | Donati Pierpaolo (a cura di) |
| 9 (RLIN) | 59326 |
| 245 #0 - Formulazione del titolo | |
| Titolo | Famiglia risorsa della società |
| 260 ## - Pubblicazione, distribuzione, ecc. (stampa) | |
| Luogo di pubblicazione, distribuzione, ecc. | Bologna, |
| Nome dell'editore, distributore, ecc. | Il Mulino, |
| Data di pubblicazione, distribuzione, ecc. | 2012 |
| 300 ## - Descrizione fisica | |
| Estensione | pp. 344 |
| 500 ## - Nota generale | |
| Nota generale | famiglia, società, coppia, rapporti-intergenerazionali, lavoro, capitale-sociale, religione, rapporti-genitori-figli |
| 501 ## - Nota | |
| Nota | L'indagine è stata promossa dal Pontificio Consiglio per la Famiglia e coordinata dal Centro Internazionale Studi Famiglia (CISF) |
| 520 ## - Riassunto, ecc. | |
| Nota di riassunto, ecc. | In modo sempre più diffuso ci si chiede quali siano il ruolo e la funzione della famiglia, se cioè sia ancora una risorsa per la persona e per la società o se invece non sia diventata un ostacolo all'emancipazione degli individui e all'avvento di una società più libera, egualitaria e felice. E' una sopravvivenza del passato o è un'istituzione che decide del nostro futuro? Questo volume intende rispondere a tali interrogativi con un'indagine originale. Nella prima parte vengono esposte e commentate le conoscenze disponibili a livello internazionale. Nella seconda parte, invece, sono presentati i risultati di una ricerca sociologica condotta su un campione rappresentativo della popolazione residente in Italia. |
| 650 ## - Accesso aggiunto di soggetto--termine topico | |
| Termine topico o nome geografico come accesso | Famiglia |
| Termine di ruolo | 006 |
| 654 ## - Accesso aggiunto di soggetto--termini topici faccettati | |
| Termine principale | saggio |
| 700 ## - Accesso aggiunto--nome di persona | |
| Nome di persona | Belardinelli S., Belletti F., Donati P., Macchioni E, Mazzucchelli S., Parise M., Prandini R., Rossi G., Scabini E., Terenzi P., Tronca L. |
| 9 (RLIN) | 60523 |
| 942 ## - Dati aggiuntivi (Koha) | |
| Tipo copia default (Koha) | LIBRO |
| Fonte della classificazione o dello schema di collocazione (segnatura) | Dewey Decimal Classification |
| 999 ## - Sys Number locale (Koha) | |
| Koha Dewey Subclass [OBSOLETE] | si |
| Ritirato (status) | Perso (status) | Danneggiato (status) | Non per il presito | Biblioteca proprietaria | Biblioteca in cui si trova | Data d'acquisizione | Totale prestiti | Collocazione | Data ultima operazione | Prezzo in vigore dal | Tipo copia default (Koha) | Nota pubblica |
|---|---|---|---|---|---|---|---|---|---|---|---|---|
| Buone Condizioni | Not For Loan | CISF - Milano | CISF - Milano | 14/10/2016 | b7027-50939 | 14/10/2016 | 14/10/2016 | LIBRO | Data import 15.10.2016 / by Epidotti, Vaglietti |